[Event "79th Tata Steel GpB"]
[Site "Wijk aan Zee NED"]
[Date "2017.01.27"]
[Round "11.3"]
[White "Ragger, Markus"]
[Black "Grandelius, Nils"]
[Result "1/2-1/2"]
[WhiteTitle "GM"]
[BlackTitle "GM"]
[WhiteElo "2697"]
[BlackElo "2642"]
[WhiteFideId "1610856"]
[BlackFideId "1710400"]
[EventDate "2017.01.14"]

1. e4 e5 2. Nf3 Nc6 3. Bb5 a6 4. Ba4 Nf6 5. O-O Be7 6. Re1 b5 7. Bb3 O-O 8. a4
b4 9. d4 d6 10. dxe5 Nxe5 11. Nxe5 dxe5 12. Qe2 a5 13. Nd2 Bc5 14. Nc4 Qe7 15.
Be3 Ba6 16. Bxc5 Qxc5 17. Qe3 Qxe3 18. Nxe3 Rfd8 19. Rad1 Kf8 20. f3 Ne8 21. Bc4
Bb7 22. Bd5 Bxd5 23. Nxd5 Ra6 24. Kf2 Rdd6 25. Ke2 Rac6 26. Ne3 Rd4 27. Rd3 Rxd3
28. Kxd3 Nd6 29. c3 bxc3 30. b3 Rb6 31. Kxc3 Rc6+ 32. Kb2 Ke7 33. Rd1 Ke6 34.
Rd5 Ra6 35. Rc5 c6 36. Ka3 h5 37. Rc2 g6 38. Nd1 f5 39. exf5+ gxf5 40. Nf2 Rb6
41. Nd3 e4 42. fxe4 fxe4 43. Nf4+ Ke5 44. Nxh5 e3 45. Ng3 Kd4 46. Kb2 c5 47.
Ne2+ Kd3 48. Nc1+ Kd4 49. Ne2+ Kd3 50. Nc1+ Kd4 51. Rc3 c4 52. Kc2 Rb4 53. Ne2+
Ke4 54. Ng3+ Kd4 55. Ne2+ Ke4 56. bxc4 Rxa4 57. Ng3+ Kd4 58. Ne2+ Ke4 59. Ng3+
Kd4 60. Rd3+ Kxc4 61. Rxd6 Ra2+ 62. Kd1 Rxg2 63. Ra6 Rxh2 64. Rxa5 Rh3 65. Nf1
Rf3 66. Ke2 Rf2+ 67. Ke1 Rf3 68. Nh2 Rg3 69. Nf1 Rf3 70. Ra3 Kd4 71. Nh2 Rg3 72.
Ng4 Ke4 73. Ra4+ Kf5 74. Nh6+ Kg5 75. Nf7+ Kf6 76. Nd6 Ke5 77. Nb5 Rg2 78. Nc3
Kf5 79. Nd5 Rh2 80. Nxe3+ Ke6 81. Ra6+ Kd7 82. Kd1 Rf2 83. Nc4 Ke7 84. Nd2 Rf6
85. Ra5 Ke6 86. Ke2 Rf8 87. Ke3 Rh8 88. Nf3 Rh1 89. Ke4 Kd6 90. Rd5+ Kc7 91. Rd2
Kc6 92. Ne5+ Kc5 93. Rc2+ Kb5 94. Rc8 Re1+ 95. Kd4 Rd1+ 96. Nd3 Rh1 97. Kd5 Rh5+
98. Ne5 Kb4 99. Rc4+ Kb3 100. Re4 Rh8 101. Nc6 Kc3 102. Re3+ Kd2 103. Rg3 Rh5+
104. Kc4 Rh8 105. Rd3+ Ke2 106. Nd4+ Kf2 107. Rf3+ Kg2 108. Rf6 Ra8 109. Kd3
Ra3+ 110. Ke4 Ra8 111. Rb6 Kg3 112. Nf5+ Kg4 113. Rg6+ Kh5 114. Rg1 Ra4+ 115.
Nd4 Kh4 116. Rg8 Kh5 117. Kf5 Ra5+ 118. Kf6 Ra6+ 119. Ne6 Kh4 120. Rg1 Kh3 121.
Kf5 Ra5+ 122. Ke4 Ra4+ 123. Nd4 Kh4 124. Ke5 Kh3 125. Nf5 Ra5+ 126. Kf4 Ra4+
127. Kf3 Ra3+ 128. Ne3 Kh4 129. Rh1+ Kg5 130. Ke4 1/2-1/2

[Event "79th Tata Steel GpB"]
[Site "Wijk aan Zee NED"]
[Date "2017.01.27"]
[Round "11.5"]
[White "Dobrov, Vladimir"]
[Black "Lu, Shanglei"]
[Result "0-1"]
[WhiteTitle "GM"]
[BlackTitle "GM"]
[WhiteElo "2499"]
[BlackElo "2612"]
[WhiteFideId "4136594"]
[BlackFideId "8603332"]
[EventDate "2017.01.14"]

1. Nf3 g6 2. d4 Bg7 3. c3 Nf6 4. Bg5 d6 5. Nbd2 O-O 6. e4 c5 7. Bd3 cxd4 8. Nxd4
h6 9. Bh4 Nc6 10. Nxc6 bxc6 11. f4 Qb6 12. Nc4 Qb8 13. Qe2 d5 14. Ne5 dxe4 15.
Bc4 Bf5 16. g4 Nxg4 17. Nxg4 Qxf4 18. h3 Rab8 19. Rf1 Qd6 20. Rd1 Qc5 21. Bf2
Qa5 22. Bd4 Rfd8 23. Bxg7 Kxg7 24. Rxd8 Rxd8 25. Qe3 Rh8 26. Qd4+ f6 27. Ne3
Bxh3 28. Qxe4 Qc5 29. Rg1 g5 30. Rh1 Bd7 31. Bd3 h5 32. Ke2 h4 33. Qg6+ Kf8 34.
Bc4 Be8 35. Qe4 Bf7 36. Bxf7 Kxf7 37. Kd3 Qb5+ 38. Nc4 h3 39. Ke3 Rh4 0-1

[Event "79th Tata Steel GpB"]
[Site "Wijk aan Zee NED"]
[Date "2017.01.27"]
[Round "11.6"]
[White "Van Foreest, Jorden"]
[Black "Bok, Benjamin"]
[Result "1/2-1/2"]
[WhiteTitle "GM"]
[BlackTitle "GM"]
[WhiteElo "2612"]
[BlackElo "2608"]
[WhiteFideId "1039784"]
[BlackFideId "1017063"]
[EventDate "2017.01.14"]

1. e4 e5 2. Nf3 Nc6 3. c3 Nf6 4. d4 exd4 5. e5 Nd5 6. cxd4 Bb4+ 7. Bd2 d6 8.
Bxb4 Ncxb4 9. Bc4 Nb6 10. Qb3 Nxc4 11. Qxb4 Nb6 12. O-O O-O 13. exd6 Qxd6 14.
Qxd6 cxd6 15. Re1 Be6 16. Nc3 Nd5 17. Ng5 Nxc3 18. Nxe6 fxe6 19. bxc3 Kf7 20.
Re3 Rac8 21. Rae1 Rfe8 22. Rf3+ Kg8 23. Rfe3 Kf7 24. Rf3+ Kg8 25. Rfe3 1/2-1/2

[Event "79th Tata Steel GpB"]
[Site "Wijk aan Zee NED"]
[Date "2017.01.28"]
[Round "12.1"]
[White "Jones, Gawain C B"]
[Black "Dobrov, Vladimir"]
[Result "1-0"]
[WhiteTitle "GM"]
[BlackTitle "GM"]
[WhiteElo "2665"]
[BlackElo "2499"]
[WhiteFideId "409561"]
[BlackFideId "4136594"]
[EventDate "2017.01.14"]

1. e4 c5 2. Nf3 e6 3. c3 d5 4. exd5 Qxd5 5. d4 Nf6 6. Na3 Nc6 7. Be3 cxd4 8. Nb5
Qd8 9. Nbxd4 Nd5 10. Nxc6 bxc6 11. Bd4 f6 12. Bc4 Bd6 13. Nd2 e5 14. Qa4 Bd7 15.
Ne4 Qb8 16. Be3 Nxe3 17. fxe3 Be7 18. O-O-O Qb6 19. Bf7+ Kxf7 20. Rxd7 Rhb8 21.
Qc4+ Kf8 22. b4 Qxe3+ 23. Kb1 Rb5 24. Nd6 Rd5 25. Rxe7 Rd8 26. Rf7+ Kg8 27.
Rxg7+ Kh8 28. Rg3 1-0

[Event "79th Tata Steel GpB"]
[Site "Wijk aan Zee NED"]
[Date "2017.01.28"]
[Round "12.2"]
[White "Tari, Aryan"]
[Black "Xiong, Jeffery"]
[Result "1-0"]
[WhiteTitle "GM"]
[BlackTitle "GM"]
[WhiteElo "2584"]
[BlackElo "2667"]
[WhiteFideId "1510045"]
[BlackFideId "2047640"]
[EventDate "2017.01.14"]

1. e4 e5 2. Nf3 Nf6 3. Nxe5 d6 4. Nf3 Nxe4 5. d4 d5 6. Bd3 Be7 7. O-O O-O 8. c4
Nf6 9. Nc3 Nc6 10. Re1 Nb4 11. cxd5 Nbxd5 12. Qb3 c6 13. Bg5 Nc7 14. Rad1 Rb8
15. Bc4 Bg4 16. d5 b5 17. dxc6 bxc4 18. Qxc4 Rb4 19. Qe2 Bd6 20. Bxf6 Qxf6 21.
Ne4 Rxe4 22. Qxe4 Bxf3 23. Qxf3 Qxf3 24. gxf3 Rd8 25. Kf1 Kf8 26. b4 Ne6 27. b5
Bxh2 28. Rxd8+ Nxd8 29. Rd1 Bc7 30. Rd7 Ne6 31. a4 Ke8 32. a5 Bxa5 33. Rxa7 Bd8
34. Rb7 Nd4 35. f4 g6 36. f3 h5 37. Kf2 Ba5 38. Ke3 Nf5+ 39. Kd3 h4 40. Ra7 Bb6
41. Ra6 Bd8 42. Ra8 1-0

[Event "79th Tata Steel GpB"]
[Site "Wijk aan Zee NED"]
[Date "2017.01.28"]
[Round "12.3"]
[White "Smirin, Ilia"]
[Black "Lei, Tingjie"]
[Result "1-0"]
[WhiteTitle "GM"]
[BlackTitle "WGM"]
[WhiteElo "2667"]
[BlackElo "2467"]
[WhiteFideId "2801990"]
[BlackFideId "8605114"]
[EventDate "2017.01.14"]

1. e4 c6 2. d4 d5 3. exd5 cxd5 4. Nf3 Nc6 5. Ne5 Qb6 6. Nc3 Nf6 7. Bf4 a6 8. Na4
Qa5+ 9. c3 Nxe5 10. Bxe5 e6 11. Bd3 Bd7 12. Nc5 Bxc5 13. dxc5 Qxc5 14. Qf3 Bb5
15. Bc2 O-O-O 16. a4 Bc6 17. b4 Qe7 18. O-O Ne4 19. b5 axb5 20. axb5 Bxb5 21. c4
Nd2 22. Qc3 Nxc4 23. Bxg7 Rhe8 24. Bf6 Qd6 25. Bxh7 Kd7 26. Rfb1 Bc6 27. Bxd8
Rxd8 28. Bd3 Qf4 29. Bxc4 dxc4 30. Rd1+ Bd5 31. Rd4 Qg5 32. g3 Rc8 33. Rf4 Qg6
34. Rd1 Ke7 35. Qb4+ Ke8 36. Rh4 Qf6 37. Rf4 Qe7 38. Qc3 b5 39. Rb1 Rb8 40. Ra1
b4 41. Qh8+ Qf8 42. Qe5 Rc8 43. Ra7 b3 44. Rh4 b2 45. Qxb2 c3 46. Qb5+ Bc6 47.
Qa6 Bd7 48. Qd3 Rd8 49. Qxc3 Qd6 50. Qd4 1-0

[Event "79th Tata Steel GpB"]
[Site "Wijk aan Zee NED"]
[Date "2017.01.28"]
[Round "12.4"]
[White "Bok, Benjamin"]
[Black "L'Ami, Erwin"]
[Result "1/2-1/2"]
[WhiteTitle "GM"]
[BlackTitle "GM"]
[WhiteElo "2608"]
[BlackElo "2605"]
[WhiteFideId "1017063"]
[BlackFideId "1007998"]
[EventDate "2017.01.14"]

1. Nf3 Nf6 2. c4 e6 3. Nc3 d5 4. d4 Be7 5. Bf4 O-O 6. e3 c5 7. dxc5 Bxc5 8. Qc2
Qa5 9. Be2 Bb4 10. O-O Bxc3 11. bxc3 Bd7 12. Qb2 Bc6 13. Qb4 Qxb4 14. cxb4 dxc4
15. Bxc4 Rc8 16. Rfc1 Nbd7 17. Be2 Bd5 18. a4 Ne4 19. Ne5 Nxe5 20. Bxe5 f6 21.
Bd4 a6 22. f3 Nd2 23. Bb6 Bc4 24. Rc2 Bxe2 25. Rxd2 Bc4 26. e4 Rc6 27. a5 Bb5
28. Bc5 e5 29. Rad1 Rc7 30. Rd6 h5 31. Kf2 Kf7 32. g3 Re8 33. Ke3 Ree7 34. R1d2 1/2-1/2

[Event "79th Tata Steel GpB"]
[Site "Wijk aan Zee NED"]
[Date "2017.01.28"]
[Round "12.5"]
[White "Ragger, Markus"]
[Black "Van Foreest, Jorden"]
[Result "1-0"]
[WhiteTitle "GM"]
[BlackTitle "GM"]
[WhiteElo "2697"]
[BlackElo "2612"]
[WhiteFideId "1610856"]
[BlackFideId "1039784"]
[EventDate "2017.01.14"]

1. e4 c6 2. d4 d5 3. e5 c5 4. Nf3 cxd4 5. Nxd4 e6 6. c4 Bb4+ 7. Nc3 Ne7 8. Be2
Nbc6 9. Nxc6 Nxc6 10. O-O d4 11. Ne4 Nxe5 12. Bf4 Nc6 13. c5 e5 14. Bg5 f6 15.
Bh5+ Ke7 16. Bh4 Bf5 17. Nd6 Be6 18. f4 exf4 19. Rxf4 g5 20. Re4 Bxc5 21. Nxb7
Qd5 22. Nxc5 Qxc5 23. Qb3 Ne5 24. Qb7+ Bd7 25. Rxe5+ fxe5 26. Bxg5+ Kd6 27. Rc1
Qb6 28. Qe4 Rac8 29. Rf1 Rcf8 30. Re1 d3+ 31. Be3 Bf5 32. Qa4 Qc6 33. Qa3+ Ke6
34. Rc1 Qb7 35. Bf3 e4 36. Bd1 Rd8 37. Qc3 Rhe8 38. Bb3+ Rd5 39. Bf4 Kf7 40.
Qc7+ Qxc7 41. Bxd5+ Kf6 42. Rxc7 e3 43. Rc6+ Kg7 44. Bh6+ Kh8 45. Rc7 1-0

[Event "79th Tata Steel GpB"]
[Site "Wijk aan Zee NED"]
[Date "2017.01.28"]
[Round "12.6"]
[White "Grandelius, Nils"]
[Black "Lu, Shanglei"]
[Result "0-1"]
[WhiteTitle "GM"]
[BlackTitle "GM"]
[WhiteElo "2642"]
[BlackElo "2612"]
[WhiteFideId "1710400"]
[BlackFideId "8603332"]
[EventDate "2017.01.14"]

1. e4 c5 2. Nf3 d6 3. Bb5+ Nd7 4. O-O a6 5. Bd3 Ngf6 6. Re1 b5 7. c4 b4 8. a3
bxa3 9. b3 g6 10. Bxa3 Bg7 11. Nc3 Rb8 12. Rb1 Ng4 13. Bf1 Nde5 14. b4 cxb4 15.
Bxb4 Nxf3+ 16. Qxf3 O-O 17. Nd5 Bd4 18. Ne3 Ne5 19. Qg3 Nc6 20. Bc3 Bxc3 21.
dxc3 Be6 22. h4 Rxb1 23. Rxb1 a5 24. c5 dxc5 25. Qg5 Qd6 26. Rb6 Rb8 27. Rxb8+
Nxb8 28. Bc4 Nd7 29. h5 a4 30. hxg6 hxg6 31. Bd5 Bxd5 32. Nxd5 Nf6 33. c4 Nxd5
34. e5 Qa6 35. cxd5 a3 36. d6 a2 37. Qxe7 a1=Q+ 38. Kh2 Qe2 39. Qe8+ Kg7 40. d7
Qaxe5+ 0-1

[Event "79th Tata Steel GpB"]
[Site "Wijk aan Zee NED"]
[Date "2017.01.29"]
[Round "13.1"]
[White "Lu, Shanglei"]
[Black "Jones, Gawain C B"]
[Result "1/2-1/2"]
[WhiteTitle "GM"]
[BlackTitle "GM"]
[WhiteElo "2612"]
[BlackElo "2665"]
[WhiteFideId "8603332"]
[BlackFideId "409561"]
[EventDate "2017.01.14"]

1. e4 e5 2. Bc4 Nf6 3. d3 Nc6 4. Nf3 Bc5 5. O-O O-O 6. Re1 h6 7. c3 d6 8. Nbd2
Re8 9. b4 Bb6 10. a4 a6 11. Qb3 Qe7 12. Nf1 Nd8 13. a5 Ba7 14. Be3 Bg4 15. Bxa7
Rxa7 16. N3d2 Be6 17. d4 Bxc4 18. Nxc4 Ne6 19. dxe5 dxe5 20. Nfe3 Nf4 21. f3
Raa8 22. g3 Ng6 23. Nb2 Red8 24. Na4 Nh7 25. Rad1 Ng5 26. Kg2 Qf6 27. Nf5 Ne7
28. h4 Rxd1 29. Qxd1 Ne6 30. Qc2 Rd8 31. Ne3 h5 32. Rd1 Rxd1 33. Qxd1 Ng6 34.
Nf5 Ne7 35. Ne3 Ng6 36. Nd5 Qd8 37. Nb2 c6 38. Ne3 Nxh4+ 39. gxh4 Qxh4 40. Nd3
Qg5+ 41. Kf2 Qh4+ 42. Kg1 Qg3+ 43. Kf1 Ng5 44. Ne1 Nh3 45. Qd2 Qg1+ 46. Ke2 g6
47. N3g2 Kg7 48. Qd6 Qh2 49. Qe7 Nf4+ 50. Kf2 Nh3+ 51. Ke3 g5 52. Kd3 Nf4+ 53.
Kc4 Ne6 54. Kb3 Qg3 55. Qxb7 h4 56. Qxa6 Qf2 57. Qb6 Qe2 58. Qb8 h3 59. Qxe5+
Kg8 60. a6 hxg2 61. a7 Qd1+ 62. Kc4 Qe2+ 63. Kb3 Qd1+ 64. Kc4 Qe2+ 1/2-1/2

[Event "79th Tata Steel GpB"]
[Site "Wijk aan Zee NED"]
[Date "2017.01.29"]
[Round "13.2"]
[White "L'Ami, Erwin"]
[Black "Ragger, Markus"]
[Result "1/2-1/2"]
[WhiteTitle "GM"]
[BlackTitle "GM"]
[WhiteElo "2605"]
[BlackElo "2697"]
[WhiteFideId "1007998"]
[BlackFideId "1610856"]
[EventDate "2017.01.14"]

1. d4 Nf6 2. c4 g6 3. Nc3 d5 4. Bg5 Bg7 5. Bxf6 Bxf6 6. cxd5 c6 7. Rc1 O-O 8.
dxc6 Qxd4 9. Qxd4 Bxd4 10. cxb7 Bxb7 11. e3 Bg7 12. Nf3 Na6 13. Be2 Rfd8 14. O-O
Rac8 15. Nb5 Rxc1 16. Rxc1 Bxb2 17. Rb1 Bf6 18. Nxa7 Nc5 19. Nb5 Ra8 20. a3 Ra5
21. Ne1 Be4 22. Rb4 Bc6 23. f3 Na6 24. Rb1 Bxb5 25. Bxb5 Rxa3 26. Bxa6 Rxa6 27.
f4 Ra3 28. Kf2 e5 29. Rb4 exf4 30. exf4 Bh4+ 31. g3 Ra2+ 32. Kf1 Be7 33. Re4 Bc5
34. Re2 Ra1 1/2-1/2

[Event "79th Tata Steel GpB"]
[Site "Wijk aan Zee NED"]
[Date "2017.01.29"]
[Round "13.4"]
[White "Xiong, Jeffery"]
[Black "Bok, Benjamin"]
[Result "1/2-1/2"]
[WhiteTitle "GM"]
[BlackTitle "GM"]
[WhiteElo "2667"]
[BlackElo "2608"]
[WhiteFideId "2047640"]
[BlackFideId "1017063"]
[EventDate "2017.01.14"]

1. e4 c5 2. Nf3 d6 3. d4 cxd4 4. Nxd4 Nf6 5. f3 Nc6 6. c4 e6 7. Nc3 Be7 8. Be3
O-O 9. Be2 d5 10. Nxc6 bxc6 11. O-O dxe4 12. fxe4 e5 13. Qe1 Be6 14. Kh1 Kh8 15.
Qg3 Qc7 16. Rac1 Qa5 17. Bg5 Rad8 18. Qh4 Rg8 19. b3 Rd7 20. Na4 Rd4 21. Be3
Rxe4 22. Qf2 Ng4 23. Bxg4 Rxg4 24. h3 Rh4 25. Bxa7 Rf4 26. Qg1 Rxf1 27. Rxf1
Bxc4 28. Bb6 Qa6 29. bxc4 Qxa4 30. Rxf7 Bf6 31. Qf1 Qxa2 32. Rxf6 gxf6 33. Qxf6+
Rg7 34. Qf8+ Rg8 35. Qf6+ Rg7 36. Qd8+ Rg8 37. Qf6+ 1/2-1/2

[Event "79th Tata Steel GpB"]
[Site "Wijk aan Zee NED"]
[Date "2017.01.29"]
[Round "13.5"]
[White "Van Foreest, Jorden"]
[Black "Grandelius, Nils"]
[Result "1/2-1/2"]
[WhiteTitle "GM"]
[BlackTitle "GM"]
[WhiteElo "2612"]
[BlackElo "2642"]
[WhiteFideId "1039784"]
[BlackFideId "1710400"]
[EventDate "2017.01.14"]

1. d4 Nf6 2. Bf4 g6 3. Nc3 d5 4. Qd2 Bg7 5. Bh6 O-O 6. Bxg7 Kxg7 7. O-O-O c5 8.
e3 Nc6 9. dxc5 Be6 10. Bb5 Ne5 11. Qd4 Qc7 12. Nge2 Rac8 13. Nf4 Rfd8 14. h3 a6
15. Ba4 h6 16. Bb3 g5 17. Nxe6+ fxe6 18. Na4 Ned7 19. h4 g4 20. h5 e5 21. Qd3 e4
22. Qc3 e6 23. Qb4 a5 24. Qb5 Nxc5 25. Nxc5 Qxc5 26. Qxb7+ Rc7 27. Qa6 Rb8 28.
Kb1 Rb6 29. Qe2 Rb4 30. c3 Rb8 31. Rd4 Kh7 32. Rhd1 Rg7 33. Qc2 Rgb7 34. f3 Kh8
35. Ka1 gxf3 36. gxf3 Rg7 37. fxe4 Nxe4 38. c4 Rc8 39. Kb1 Qb6 40. Ka1 Nd6 41.
Qf2 Nf5 42. Rf4 dxc4 43. Rxc4 Rxc4 44. Bxc4 Qxe3 45. Rd8+ Kh7 46. Qxe3 Nxe3 47.
Bd3+ Nf5 48. Ra8 Rd7 49. Bc2 Rd5 50. Ra6 Rc5 51. Kb1 Kg8 52. Rxe6 Ng7 53. Rxh6
Nxh5 54. b3 Kf8 55. Bd3 Ke7 56. Kb2 Nf4 57. Be4 Re5 58. Bf3 Kd8 59. Ka3 Kc7 60.
Rc6+ Kb8 61. Ka4 Ne6 62. Rd6 Nc5+ 63. Ka3 Rf5 64. Rc6 Ka7 65. Be2 Re5 66. Bc4
Rh5 67. Rg6 Rh2 68. Rg8 Rh6 69. Bd5 Rd6 70. Bg2 Rd2 71. Rg5 Kb6 72. Bd5 Nd3 73.
Bc4 Nc1 74. Rb5+ Kc6 75. b4 Rxa2+ 76. Bxa2 Kxb5 77. bxa5 Nxa2 78. Kxa2 Kxa5 1/2-1/2

[Event "79th Tata Steel GpB"]
[Site "Wijk aan Zee NED"]
[Date "2017.01.29"]
[Round "13.6"]
[White "Lei, Tingjie"]
[Black "Tari, Aryan"]
[Result "0-1"]
[WhiteTitle "WGM"]
[BlackTitle "GM"]
[WhiteElo "2467"]
[BlackElo "2584"]
[WhiteFideId "8605114"]
[BlackFideId "1510045"]
[EventDate "2017.01.14"]

1. d4 Nf6 2. c4 e6 3. g3 d5 4. Bg2 Bb4+ 5. Bd2 Be7 6. Nf3 O-O 7. O-O Nbd7 8. Qc2
Ne4 9. Nc3 Nxd2 10. Nxd2 c6 11. Rfd1 Rb8 12. e4 dxe4 13. Ndxe4 f5 14. Nd2 e5 15.
d5 Qc7 16. Rab1 e4 17. b4 Nf6 18. Qb3 Rd8 19. Rbc1 c5 20. Nb5 Qb6 21. a4 Bf8 22.
Qe3 Bd7 23. Nb3 Ng4 24. Qf4 cxb4 25. d6 g6 26. c5 Qc6 27. Qd2 Be6 28. Qxb4 Qd7
29. N3d4 0-1